El delito de tráfico de drogas: microtráfico, asociación ilícita, lavado de dinero, tráfico, legislación, doctrina y jurisprudencia
Guardat en:
| Autor principal: | |
|---|---|
| Format: | Llibre |
| Idioma: | espanyol |
| Publicat: |
Santiago
El Jurista
2010
|
| Edició: | 1a. ed |
| Matèries: | |
| Etiquetes: |
Afegir etiqueta
Sense etiquetes, Sigues el primer a etiquetar aquest registre!
|
MARC
| LEADER | 00000nam a2200000 a 4500 | ||
|---|---|---|---|
| 001 | UCG4669 | ||
| 003 | CL-VaPUC | ||
| 008 | 101118e20100000CL |||||||||||||||||spa|d | ||
| 020 | |a 9789568839116 | ||
| 082 | 0 | 4 | |a 345.0277 |b GON |2 21 |
| 100 | 0 | |a González Wittig, Marcos |e author |9 554080 | |
| 245 | 1 | 3 | |a El delito de tráfico de drogas: microtráfico, asociación ilícita, lavado de dinero, tráfico, legislación, doctrina y jurisprudencia |
| 250 | |a 1a. ed | ||
| 300 | |a 783 p | ||
| 942 | |c BK | ||
| 945 | |d 20101118 00:00:00 |a mfarfan | ||
| 260 | |a Santiago |b El Jurista |c 2010 | ||
| 650 | 0 | |a Tráfico de drogas |9 254839 | |
| 650 | 7 | |a MICROTRAFICO |2 CL-VaPUC |9 554081 | |
| 650 | 7 | |a LAVADO DE DINERO |2 CL-VaPUC |9 418443 | |
| 650 | 7 | |a LEGISLACION |2 CL-VaPUC |9 554082 | |
| 650 | 0 | |a Jurisprudencia |9 255952 | |
| 583 | |a last modification |c 20101118 00:00:00 |k Rodrigo Vera | ||
| 999 | |c 343337 |d 343335 | ||
| 952 | |0 0 |1 0 |4 0 |6 345_027700000000000_GON_2010 |7 0 |8 A |9 440577 |a BIBDER |b BIBDER |d 2019-11-22 |i 4735730 |l 1 |m 1 |o 345.0277 GON 2010 |p 4735730 |r 2022-11-28 |s 2022-11-08 |w 2019-11-22 |y BK |k DER | ||